Statistics for Mass Effect Team Members

Click here to take the quiz!

General Stats

  • This quiz has been taken 2,371 times
  • The average score is 16 of 20

Answer Stats

HintAnswer% Correct
HumanAshley Williams
96%
TurianGarrus Vakarian
95%
QuarianTali'Zorah Nar Rayya
95%
AsariLiara T'Soni
93%
KroganUrdnot Wrex
93%
KroganGrunt
92%
GethLegion
92%
HumanKaidan Alenko
91%
HumanMiranda Lawson
88%
AIEDI
87%
SalarianMordin Solus
87%
HumanJacob Taylor
82%
AsariSamara
78%
DrellThane Krios
78%
HumanJames Vega
70%
HumanJack
69%
ProtheanJavik
66%
AsariMorinth
62%
HumanKasumi Goto
61%
HumanZaeed Massani
60%

Score Distribution

Percentile by Number Answered

Percent of People with Each Score

Your Score History

You have not taken this quiz